000
00312nam a22001337a 4500
008
170616b xxu||||| |||| 00| 0 eng d
020
_a
9780134885940
041
_a
eng
080
_a
32
100
_a
20
101
_a
SHP
245
_a
INTRODUCTION TO THE ANALYSIS OF POLITICAL DATA
_c
KAY,S.A
942
_2
udc
_c
BK
999
_c
17813
_d
17813